Maliar Zemplína K nedožitým deväťdesiatinám Theodora Jozefa Moussona

Bibliographic Details
Main Author: Pirnaga, K. (Author)
Format: Article
Language:Slovak
PhysicalDescription:Obr. 1.
Subjects:

MARC

LEADER 00000nab a2200000 a 4500
001 vtls000311605
003 SK-MaSNL
005 20260304210901.0
008 111201c1978 xo 0 slo
015 |a SNBRB19rr/mm-uuuuu 
035 |a CL0001697 
040 |a SNKBUCL  |b slo  |c SNKBUCL  |e AACR2 
041 0 |a slo 
044 |a xo  |c SK 
080 |a 75  |2 1981 
080 |a 92 Mousson, Theodor Jozef  |2 1981 
100 1 |a Pirnaga, K.  |4 aut  |9 1542604 
245 1 0 |a Maliar Zemplína  |b K nedožitým deväťdesiatinám Theodora Jozefa Moussona  |c K. Pirnaga 
300 |b Obr. 1. 
600 1 7 |a Mousson, Teodor Jozef,  |d 1887-1946  |2 snkbucl  |9 193774 
655 7 |a články z novín a časopisov  |2 snkbucl  |9 267496 
773 0 |t Východoslovenské noviny  |g Roč. 27, č. 5 (6. 1. 1978), s. 4 
850 |a Slovenská národná knižnica v Martine  |a MTA001 
852 |a SNK  |b KIS3GCP 
958 |a RK 
992 |a RBX 
999 |c 3127828  |d 3129758